| 000 | 00971cam a2200277 a 4500 | ||
|---|---|---|---|
| 001 | 1163324 | ||
| 003 | OSt | ||
| 005 | 20240721124017.0 | ||
| 008 | 960621s1997 nyua b 001 0 eng | ||
| 010 | _a 96031115 | ||
| 020 | _a9780393317541 | ||
| 040 |
_aDLC _cDLC _dDLC |
||
| 050 | 0 | 0 |
_aQP399 _b.D43 1997 |
| 082 | 0 | 0 |
_a153.6 _220 |
| 100 | 1 |
_aDeacon, Terrence William. _9124665 |
|
| 245 | 1 | 4 |
_aThe symbolic species : _bthe co-evolution of language and the brain / _cTerrence W. Deacon. |
| 250 | _a1st ed. | ||
| 260 |
_aNew York : _bW.W. Norton, _cc1997. |
||
| 300 |
_a527 p. : _bill. ; _c25 cm. |
||
| 504 | _aIncludes bibliographical references (p. 465-510) and index. | ||
| 650 | 0 |
_aNeurolinguistics. _9124666 |
|
| 650 | 0 |
_aBrain _xEvolution. _93421 |
|
| 906 |
_a7 _bcbc _corignew _d1 _eocip _f19 _gy-gencatlg |
||
| 942 |
_2ddc _cBK |
||
| 999 |
_c2927 _d2927 |
||